000 00430nam a2200169 a 4500
001 0000-9151
003 ELIB.Books
008 110520 1986
035 _a(ELIB.Books)0000-9303
082 _a291
_bGro
100 _aGroothuis, Douglas R.
245 _aUnmasking the New Age
260 _bDowners Grove: Inter Varsity Press
_c1986
650 _aReligion
942 _2ddc
_cBK
998 _cbat
_e2011-05-20
999 _c9151
_d9151